| 000 | 02381cam a22004574i 4500 | ||
|---|---|---|---|
| 003 | PE-LiUPU | ||
| 005 | 20250731173142.0 | ||
| 008 | 150623s1971 pe r 000 0 spa d | ||
| 035 | _a(Sirsi) a27603 | ||
| 040 |
_aPE-LiUPU _bspa _cPE-LiUPU _erda |
||
| 082 | 0 | 4 |
_a220.93 _bH19 _221 |
| 100 | 1 |
_aHammerly Dupuy, Daniel, _eautor. |
|
| 245 | 1 | 0 |
_aSignificado de los descubrimientos arquelógicos en Mesopotamia, Egipto y Palestina / _cDaniel Hammerly Dupuy. |
| 264 | 1 |
_aLima : _bDepartamento de Publicaciones del CESU, _c1971. |
|
| 300 |
_aPáginas varias ; _c20 centímetros |
||
| 336 |
_atext _2rdacontent |
||
| 337 |
_aunmediated _2rdamedia |
||
| 338 |
_avolume _2rdacarrier |
||
| 490 | 0 | _aVerdades | |
| 500 | _aUnido en uno sólo. | ||
| 505 | 0 | _aEnfoques orientadores para la investigación: Preguntas que orientan las investigaciones -- La finalidad de los métodos para el escudriñamiento de la Bíblia -- Las características del enfoque histórico de la Bíblia -- La belleza del estudio literario de la Biblia -- Las verificaciones del enfoque profético de la Bíblia -- La utilidad del enfoque geográfico de la Bíblia -- Las comprobaciones del enfoque jurídico de la Bíblia -- El valor del enfoque científico de la Bíblia -- El significado del enfoque filosófico de la Bíblia. La orientación del enfoque religioso de la Bíblia -- La importancia del enfoque Cristocéntrico de la Bíblia -- Las interpretaciones del enfoque doctrinal de la bíblia -- Doce enfoques que facilitan la investigación integral de la Bíblia. | |
| 526 | _aSEG42 | ||
| 526 | _aSEG41 | ||
| 526 | _aSEG40 | ||
| 526 | _aSEG39 | ||
| 526 | _aP94 | ||
| 526 | _aP87 | ||
| 526 | _aP86 | ||
| 526 | _aP85 | ||
| 526 | _aP77 | ||
| 526 | _aP76 | ||
| 526 | _aP35 | ||
| 650 | 0 | 4 |
_aARQUEOLOGÍA BÍBLICA _zMESOPOTAMIA. |
| 650 | 0 | 4 |
_aARQUEOLOGÍA BÍBLICA _zEGIPTO. |
| 650 | 0 | 4 |
_aARQUEOLOGÍA BÍBLICA _zPALESTINA. |
| 942 |
_2ddc _cBOOK |
||
| 949 |
_a220.93 H19 _wDEWEY _c1 _i52899 _lCCODEBUL1 _mBUL _p12.00 _r0 _sY _tBOOK _u2015-06-24 _xBIBLIOTECA _zUNKNOWN _0COMPRA _o.STAFF. Colección Teología |
||
| 596 | _a1 | ||
| 999 |
_a220.93 H19 _wDEWEY _c34761 _i52899 _d34761 _e2016-9-7 _f2021-11-9 _g5 _lCCODEBUL1 _mBUL _n1 _p12.00 _q2 _r0 _sY _tBOOK _u2015-6-24 _xTEOLOGIA _PP35 _0COMPRA _o.STAFF. Colección Teología |
||
| 980 |
_81 _gALBERTO SANCHEZ Responsable de Automatización |
||